000 01026nam a22002415i 4500
001 152020
003 ES-MaACL
005 20230906204509.0
008 000822s1879 fr f |||| | fre d
040 _aCCPB | B
_bspa
_cCCPB | B
080 _a904(460.41)
080 _a94(460.41)".../14"
080 _a94(=1.460.41-81)
100 1 _aBerthelot, Sabin.
_928445
245 1 0 _aAntiquités canariennes ou Annotations sur l'origine des peuples qui occupèrent les Iles Fortunées, depuis les premiers temps jusqu'a l'époque de leur conquête /
_cpar Sabin Berthelot.
260 _aParis :
_bE. Plon et Cie,
_c1879.
300 _a251 p., 20 h. de grab. ;
_c28 cm.
650 0 4 _aGuanches.
_913169
651 4 _aCanarias-
_xRestos arqueológicos.
_9147370
651 4 _aCanarias-
_xHistoria-
_yHasta S.XV.
_9147371
740 0 _aAnnotations sur l'origine des peuples qui occupèrent les Iles Fortunèes, depuis les premiers temps jusqu'a l'èpoque de leur conquête.
852 _aES-MaACL
_jF-11517
_z-- Enc. pasta española
999 _c152020
_d152020